Information Visualization : An Introduction /
Guardado en:
| Autor principal: | |
|---|---|
| Formato: | Libro |
| Lenguaje: | inglés |
| Publicado: |
Cham, Heidelberg, New York, Dordrecht, London,
Springer International Publishing Switzerland,
2014
|
| Edición: | 3. vyd. |
| Materias: | |
| Etiquetas: |
Sin Etiquetas, Sea el primero en etiquetar este registro!
|
MARC
| LEADER | 00000nam a22000003a 4500 | ||
|---|---|---|---|
| 001 | 0075797 | ||
| 003 | SK-STU | ||
| 005 | 20190918095649.8 | ||
| 007 | ta | ||
| 008 | 190918s ----xo-----e------000-0-----d | ||
| 020 | |a 978-3-319-07340-8 | ||
| 040 | |a STU |b slo | ||
| 041 | 0 | |a eng | |
| 044 | |a sz | ||
| 100 | 1 | |a Spence, Robert |4 aut |r Z6 | |
| 245 | 1 | 0 | |a Information Visualization : |b An Introduction / |c aut. Robert Spence |
| 250 | |a 3. vyd. | ||
| 260 | |a Cham, Heidelberg, New York, Dordrecht, London, |b Springer International Publishing Switzerland, |c 2014 | ||
| 300 | |a 321 s. | ||
| 650 | 0 | 7 | |a vizualizácia informácií |
| 996 | |b I24KN000100 |c I*11WS13307 |l II680 |s A |a 24 |w 0075797_0001 | ||